Państwa Europy według wskazówek - Statystyki

Ogólne statystyki
  • Ten quiz został rozwiązany 8 041 razy
  • Średni wynik to 24 z 28
Statystyki odpowiedzi
Wskazówki Państwo % Poprawnych
Napoleon, Szampan, Wieża Eiffla Francja
100%
Kiełbasa, Chopin, Kopernik Polska
99%
Najmniejszy kraj, Papież Watykan
99%
Mafia, Pizza, Renesans Włochy
98%
Kreta, Igrzyska, Partenon Grecja
97%
Ikea, Köttbullar, Volvo Szwecja
95%
Piwo, Czarny Las, Beethoven Niemcy
94%
Czekolada, Frytki, Stolica UE Belgia
93%
Kreml, Zimna Wojna, Czajkowski Rosja
93%
Serial Rząd, Kolarstwo, Lego Dania
91%
Buldogi, Funkcjonariusze Bobbies, Buckingham Wielka Brytania
91%
Pysanka, Czarnobyl, Barszcz Ukraina
90%
Mozart, Dźwięk muzyki, Freud Austria
89%
Cava, Costa del Sol, Tapas Hiszpania
87%
Sauna, Wojna Zimowa, Laponia Finlandia
86%
Gulasz, Powstanie z 1956, Jezioro Błotne Węgry
86%
Bohemia, Most Karola, Skoda Czechy
83%
Alpy, Dawna Jugosławia, Lublana Słowenia
83%
Fiordy, Pokojowa Nagroda Nobla, Ibsen Norwegia
82%
Wielki Zderzacz Hadronów, Zegarki, Matterhorn Szwajcaria
82%
Flaga z podwójnym orłem, Większość Islamska Albania
79%
Konopie, Kanały, Anne Frank Holandia
78%
Książę Albert, Kasyno, Formuła 1 Monako
77%
Język kataloński, Pireneje, Współksiążęta Andora
74%
Wyspa, Zakony Szpitalne, Sokół Malta
68%
Limerick, Kamień z Blarney, Szmaragdowa Wyspa Irlandia
63%
Algarve, Azory, Dolina Douro Portugalia
62%
Skype, Wybory online, Kiiking Estonia
50%
Nie znaleziono quizów pasujących do podanych kryteriów
Rozkład punktacji
Procent ludzi z każdym wynikiem
Percentyl według liczby udzielonych odpowiedzi
Twoja historia wyników
Nie rozwiązałeś tego quizu